| 000 | 00776nam a2200229 i 4500 | ||
|---|---|---|---|
| 001 | 58236 | ||
| 003 | ES-MaACL | ||
| 005 | 20250820123053.0 | ||
| 007 | t| | ||
| 008 | 031021s1969 sp ||||1| spa d | ||
| 100 | 1 |
_aDuquesne, Jacques. _946160 |
|
| 245 | 1 | 0 |
_aMañana _b: ¿una iglesia sin clérigos? / _cJacques Duquesnes ; prólogo de Josep Perarnau ; [traducción de Pere Darnell]. |
| 260 |
_a[Barcelona] : _bPenínsula, _c[1969] |
||
| 300 |
_a247 p. ; _c19 cm. |
||
| 490 | 1 |
_aColección Compromiso Cristiano ; _v28 |
|
| 650 | 0 | 4 |
_aSacerdotes. _916959 |
| 700 | 1 |
_aPerarnau, Josep, _d1928- _990397 |
|
| 700 | 1 |
_aDarnell, Pedro. _942741 |
|
| 830 | 0 |
_aColección Compromiso Cristiano ; _v28 _9181670 |
|
| 852 |
_aES-MaACL _jC-51614 _bR.72140 |
||
| 999 |
_c58236 _d58236 |
||